000 00755nam a2200229Ii 4500
003 JO-AjNU
008 230605s9999||||xx |||||||||||||| ||und||
017 _a2011/12/4304
020 _a978-9957-30-383-9
040 _aJO-AjNU
_bara
_erda
_cJO-AjNU
041 _aara
050 1 4 _aPJ7848 2013
100 3 _aأبو سويد، لانا سليمان,
_eauthor
_950046
245 0 0 _aصهوة الغيم: شعر
250 _aط1
264 3 1 _aعمان: دار فضاءات، 2013
300 _a214ص
_bطبع بدعم من وزارة الثقافة - الاردن
336 _atext
_btxt
_2rdacontent
337 _aunmediated
_bn
_2rdamedia
338 _avolume
_bnc
_2rdacarrier
650 4 _aالشعر العربي - الشعر الحديث
_950047
999 _aA22020
_c25588
_d25588